000 01269nam a2200301 a 4500
001 vtls001487807
003 NLI
005 20210627133447.0
008 121207s1981 dcua f000 0 eng
039 9 _y201212071814
_zVLOAD
040 _aNLI
_beng
_cDatasoft_FOD
_eAACR2
041 0 _aeng
044 _a dcu
082 0 4 _a 343.7309770262
110 1 _aUnited States.
_bCongress.
_bHouse.
_bCommittee on Public Works and Transportation.
_bSubcommittee on Aviation.
_9713718
245 1 0 _aAirport and Airway Improvement Act of 1981 :
_bhearings before the Subcommittee on Aviation of the Committee on Public Works and Transportation, House of Representatives, Ninety-seventh Congress, first session, on H.R. 2643, March 31, April 1 and 2, 1981
260 _a[Washington, D.C.] :
_bUnited state government printing office,
_c1981
300 _alxxxi, 701 p. :
_bill. ;
_c24 cm.
500 _aItem 1024-A, 1024-B (microfiche)
650 0 _aAirports
_xLaw and legislation
_zUnited States
_9714535
650 0 _aAir traffic rules
_zUnited States
_9932224
887 _a
901 _aAD 159296
_b22.09.2010
_91981
902 _aU.S 343.7309770262 Un 3
904 _lE 9253
949 _AVIRTUAITEM
_D10002
_X100
_6FOD000159296ENG
_91981
942 _2ddc
_cBKS
999 _aVIRTUA40
_c938245
_d938245